00446nam a2200157Ia 45000010006000000050017000060080041000230410008000640820016000721000022000882450125001102600009002353000028002446500008002726540008002801762120260306171530.0260306s9999||||xx |||||||||||||| ||und|| aESP a658.1bM523 aMcGrath, JimeAUT 0aEl pequeño libro de las grandes teorías del management:blas 89 grandes teorías del management y cómo aplicarlas c2014 a322 páginas :c18 cm. aGEN aCAN